Normal view
MARC view
- Morvanchikar R. S
Entry Personal Name
001 - CONTROL NUMBER
- control field: 217284
003 - CONTROL NUMBER IDENTIFIER
- control field: OSt
005 - DATE AND TIME OF LATEST TRANSACTION
- control field: 20260325131152.0
008 - FIXED-LENGTH DATA ELEMENTS
- fixed length control field: 260325|| aca||aabn | a|a d
040 ## - CATALOGING SOURCE
- Original cataloging agency: OSt
- Transcribing agency: OSt
100 ## - HEADING--PERSONAL NAME
- Personal name: Morvanchikar R. S
670 ## - SOURCE DATA FOUND
- Source citation: Work cat.: (OSt)370774: Morvanchikar R. S, आधुनिक महाराष्ट्राची जडणघडण शिल्पकार चरित्रकोश खंड १ : इतिहास, 2009